[Event "V Floripa Open 2019"]
[Site "Florianopolis"]
[Date "2019.01.22"]
[Round "3.1"]
[White "Granda Zuniga, Julio E"]
[Black "Do Valle Cardoso, Lucas"]
[Result "1-0"]
[WhiteElo "2641"]
[BlackElo "2143"]
[PlyCount "69"]
[EventDate "2019.01.21"]
[EventType "swiss"]
[EventRounds "10"]
[EventCountry "BRA"]

1. c4 Nf6 2. Nc3 d5 3. cxd5 Nxd5 4. Qc2 Nc6 5. Nf3 e5 6. Nxe5 Nxe5 7. Qe4 Nb4 8. Qxe5+ Be7 9. Qe4 O-O 10. a3 Nc6 11. e3 Re8 12. Qc2 Bd6 13. Be2 Qg5 14. g3 Bh3 15. d4 Rad8 16. Bd2 b5 17. Nxb5 Bg2 18. Rg1 Be4 19. Qa4 a6 20. Nc3 Qg6 21. Nxe4 Qxe4 22. Bc3 Ne7 23. Qxa6 Nd5 24. Qd3 Qe7 25. b4 Nxc3 26. Qxc3 Ra8 27. Kf1 Qe4 28. Bb5 c6 29. Bxc6 Rac8 30. b5 Qf5 31. a4 Qh3+ 32. Rg2 Re6 33. Kg1 Rh6 34. a5 Rh5 35. Qb3 1-0

[Event "V Floripa Open 2019"]
[Site "Florianopolis"]
[Date "2019.01.22"]
[Round "3.3"]
[White "Felgaer, Ruben"]
[Black "Araujo, Jose Roberto"]
[Result "1-0"]
[WhiteElo "2567"]
[BlackElo "2142"]
[Annotator "RC"]
[PlyCount "41"]
[EventDate "2019.01.21"]
[EventType "swiss"]
[EventRounds "10"]
[EventCountry "BRA"]

1. e4 c5 2. Nf3 e6 3. d4 cxd4 4. Nxd4 a6 5. Nc3 b5 6. Bd3 Qb6 7. Nf3 d6 8. O-O Nf6 9. a4 b4 10. a5 Qc7 11. Na4 Nbd7 12. Be3 Bb7 13. Nb6 Nxb6 14. Bxb6 Qc8 15. c3 Nd7 16. cxb4 Nxb6 17. axb6 Qd8 18. Qa4+ Qd7 19. b5 a5 20. b4 d5 21. bxa5 1-0

[Event "V Floripa Open 2019"]
[Site "Florianopolis"]
[Date "2019.01.22"]
[Round "3.4"]
[White "De Carvalho, Christopher"]
[Black "Supi, Luis Paulo"]
[Result "0-1"]
[WhiteElo "2131"]
[BlackElo "2546"]
[Annotator "TA"]
[PlyCount "78"]
[EventDate "2019.01.21"]
[EventType "swiss"]
[EventRounds "10"]
[EventCountry "BRA"]

1. d4 Nf6 2. c4 g6 3. Nc3 Bg7 4. e4 d6 5. h3 O-O 6. Be3 Na6 7. Nf3 c5 8. d5 e6 9. Bd3 Qe7 10. O-O e5 11. Nd2 Kh8 12. a3 Bd7 13. f4 exf4 14. Bxf4 Nh5 15. Bh2 Bd4+ 16. Kh1 Be5 17. Nf3 Ng3+ 18. Bxg3 Bxg3 19. Ne2 Be5 20. Nxe5 dxe5 21. Ng3 Nc7 22. Qd2 Ne8 23. b4 Rc8 24. Qf2 f6 25. a4 Rc7 26. a5 cxb4 27. Qxa7 b5 28. Qb6 bxc4 29. a6 Qd6 30. Qf2 Rc5 31. Rfc1 Bb5 32. Nf1 b3 33. Rab1 Nc7 34. Rxb3 cxb3 35. Qxc5 Qxc5 36. Rxc5 Bxd3 37. Rxc7 Bxf1 38. a7 Bb5 39. Rc3 Ra8 0-1

[Event "V Floripa Open 2019"]
[Site "Florianopolis"]
[Date "2019.01.22"]
[Round "3.5"]
[White "Fier, Alexandr"]
[Black "Pirola, Claudionor Alcides "]
[Result "1-0"]
[WhiteElo "2540"]
[BlackElo "2130"]
[Annotator "TA"]
[PlyCount "95"]
[EventDate "2019.01.21"]
[EventType "swiss"]
[EventRounds "10"]
[EventCountry "BRA"]

1. e4 e5 2. Nf3 Nc6 3. Bb5 a6 4. Ba4 Nf6 5. O-O Be7 6. Re1 b5 7. Bb3 d6 8. c3 O-O 9. a4 Bd7 10. d4 Bg4 11. d5 Na5 12. Bc2 c6 13. dxc6 Qc7 14. h3 Bxf3 15. Qxf3 b4 16. cxb4 Nxc6 17. Nc3 Nxb4 18. Bb3 Rab8 19. Qd1 Nc6 20. Bc4 Nb4 21. b3 Rfd8 22. a5 Nxe4 23. Nd5 Nxd5 24. Qxd5 Nf6 25. Qxf7+ Kh8 26. Be3 Rd7 27. Bb6 Qb7 28. Qe6 d5 29. Bf1 Bd6 30. Qf5 Re7 31. Qd3 Ra8 32. Rac1 Nd7 33. Be3 d4 34. Bg5 Ree8 35. Rc4 Nc5 36. Qc2 h6 37. Bd2 Nxb3 38. Rb1 Reb8 39. Rc6 Qd7 40. Rxb3 Rxb3 41. Rxd6 Qxd6 42. Qxb3 e4 43. Qb7 Re8 44. Qxa6 Qa3 45. Qg6 Re7 46. Bg5 hxg5 47. Qh5+ Kg8 48. Bc4+ 1-0

[Event "V Floripa Open 2019"]
[Site "Florianopolis"]
[Date "2019.01.22"]
[Round "3.6"]
[White "Dos Santos Junior, Haroldo Cunha"]
[Black "Cubas, Jose Fernando"]
[Result "0-1"]
[WhiteElo "2129"]
[BlackElo "2506"]
[Annotator "TA"]
[PlyCount "52"]
[EventDate "2019.01.21"]
[EventType "swiss"]
[EventRounds "10"]
[EventCountry "BRA"]

1. d4 g6 2. Nf3 Nf6 3. g3 Bg7 4. Bg2 O-O 5. O-O d5 6. c4 c6 7. Qb3 dxc4 8. Qxc4 Bf5 9. Nc3 Nbd7 10. Rd1 Bc2 11. Re1 Nb6 12. Qb4 a5 13. Qa3 Nfd7 14. b3 a4 15. Nxa4 Nxa4 16. bxa4 Rxa4 17. Qb2 Be4 18. Be3 Qa8 19. Bh3 e6 20. Nd2 Bd5 21. Nb3 c5 22. Red1 b5 23. a3 b4 24. Rac1 c4 25. Na1 b3 26. Rb1 Rxa3 0-1

[Event "V Floripa Open 2019"]
[Site "Florianopolis"]
[Date "2019.01.22"]
[Round "3.7"]
[White "Rodriguez Vila, Andres"]
[Black "Carstens Dobuchak, Thiago"]
[Result "1-0"]
[WhiteElo "2480"]
[BlackElo "2121"]
[Annotator "RC"]
[PlyCount "71"]
[EventDate "2019.01.21"]
[EventType "swiss"]
[EventRounds "10"]
[EventCountry "BRA"]

1. e4 c5 2. Nc3 d6 3. f4 Nc6 4. Nf3 g6 5. Bc4 Bg7 6. O-O e6 7. f5 gxf5 8. exf5 d5 9. fxe6 Bxe6 10. Bb5 Nge7 11. Ng5 Qb6 12. a4 a6 13. a5 Qc7 14. Bxc6+ Qxc6 15. d3 Ng6 16. Nxe6 fxe6 17. Bg5 Rc8 18. Qg4 Rf8 19. Rfe1 Kd7 20. Na4 Rce8 21. c3 Be5 22. d4 Bd6 23. Kh1 Nf4 24. Nxc5+ Bxc5 25. Bxf4 Bd6 26. Qg7+ Kc8 27. Bxd6 Qxd6 28. Re2 Qf4 29. h3 Rf5 30. Rae1 Rg5 31. Qxh7 Qg3 32. Qf7 Rh8 33. Qxe6+ Kb8 34. Qf6 Rc8 35. Rf1 Rcg8 36. Qf4+ 1-0

[Event "V Floripa Open 2019"]
[Site "Florianopolis"]
[Date "2019.01.22"]
[Round "3.8"]
[White "Lopes Fo, Jorge Antonio Ferre"]
[Black "Perdomo, Leandro"]
[Result "1/2-1/2"]
[WhiteElo "2122"]
[BlackElo "2470"]
[Annotator "TA"]
[PlyCount "76"]
[EventDate "2019.01.21"]
[EventType "swiss"]
[EventRounds "10"]
[EventCountry "BRA"]

1. d4 Nf6 2. c4 g6 3. Nc3 Bg7 4. e4 d6 5. Nf3 O-O 6. Be2 Nbd7 7. O-O e5 8. Re1 c6 9. Bf1 a5 10. dxe5 dxe5 11. Na4 Qe7 12. Qc2 b6 13. Be3 Rb8 14. c5 b5 15. Nb6 Ng4 16. Nxd7 Nxe3 17. Rxe3 Bxd7 18. Rd1 f5 19. Rd6 Rb7 20. Re1 Rc7 21. a4 Kh8 22. b3 bxa4 23. bxa4 Rb7 24. exf5 Bxf5 25. Qd2 Rb4 26. Nd4 Rxa4 27. Nxc6 Qc7 28. Nxe5 Qxc5 29. Rd8 Re4 30. Rxe4 Bxe4 31. Nf7+ Kg8 32. Qa2 Bd4 33. Ng5+ Bd5 34. Qxd5+ Qxd5 35. Rxd5 Bxf2+ 36. Kh1 Rc8 37. g4 Rc1 38. Kg2 Rc2 1/2-1/2

[Event "V Floripa Open 2019"]
[Site "Florianopolis"]
[Date "2019.01.22"]
[Round "3.9"]
[White "Matsuura, Everaldo"]
[Black "Frois, Vitor Amorim"]
[Result "1-0"]
[WhiteElo "2468"]
[BlackElo "2109"]
[Annotator "TA RC"]
[PlyCount "110"]
[EventDate "2019.01.21"]
[EventType "swiss"]
[EventRounds "10"]
[EventCountry "BRA"]

1. c4 Nf6 2. Nc3 c5 3. e3 g6 4. d4 Bg7 5. d5 e6 6. Nf3 exd5 7. cxd5 d6 8. Be2 O-O 9. Nd2 Nbd7 10. O-O a6 11. a4 b6 12. h3 Rb8 13. Nc4 Qe7 14. e4 Ne5 15. Na3 Re8 16. f4 Ned7 17. e5 dxe5 18. d6 Qf8 19. Nc4 e4 20. f5 Bb7 21. Bg5 Rbd8 22. fxg6 hxg6 23. Qb3 Ba8 24. Rad1 Re6 25. Nxb6 Nxb6 26. Qxb6 Rdxd6 27. Qxc5 Rxd1 28. Qxf8+ Kxf8 29. Rxd1 Ke8 30. b4 Nd7 31. Nd5 Bxd5 32. Rxd5 Bc3 33. b5 a5 34. Bc4 Re5 35. Be3 f5 36. Rd6 g5 37. Bxg5 Bb4 38. Re6+ Rxe6 39. Bxe6 Nc5 40. Bxf5 Nxa4 41. Bxe4 Bc5+ 42. Kf1 Nc3 43. Bc6+ Kf7 44. Bd2 Bd4 45. b6 Nd1 46. b7 Be5 47. Bxa5 Ne3+ 48. Ke2 Nf5 49. Kd3 Ke6 50. g4 Ne7 51. Be4 Ng8 52. Kc4 Nf6 53. Bf5+ Ke7 54. Bc3 Bb8 55. Bxf6+ Kxf6 1-0

[Event "V Floripa Open 2019"]
[Site "Florianopolis"]
[Date "2019.01.22"]
[Round "3.10"]
[White "Poeta, Caio Medeiros"]
[Black "Molina, Roberto Junio Brito"]
[Result "0-1"]
[WhiteElo "2110"]
[BlackElo "2458"]
[Annotator "TA"]
[PlyCount "70"]
[EventDate "2019.01.21"]
[EventType "swiss"]
[EventRounds "10"]
[EventCountry "BRA"]

1. c4 e5 2. Nc3 Nf6 3. e4 Bc5 4. g3 d6 5. h3 Nc6 6. Bg2 Be6 7. d3 Nd4 8. Nge2 c6 9. O-O O-O 10. Nxd4 Bxd4 11. Bg5 h6 12. Bxf6 Qxf6 13. Kh2 Rad8 14. Qc2 Qe7 15. Ne2 Bb6 16. f4 f5 17. exf5 Bxf5 18. g4 Bh7 19. Rae1 exf4 20. Nxf4 Be3 21. Be4 Bxf4+ 22. Rxf4 Kh8 23. Rxf8+ Rxf8 24. Re2 Qh4 25. Kg2 h5 26. Bxh7 hxg4 27. Re3 Rf3 28. Rxf3 gxf3+ 29. Kxf3 Qxh3+ 30. Kf4 Kxh7 31. d4+ Kh6 32. Qf2 g5+ 33. Ke4 Qh4+ 34. Qxh4+ gxh4 35. b4 Kg5 0-1

[Event "V Floripa Open 2019"]
[Site "Florianopolis"]
[Date "2019.01.22"]
[Round "3.11"]
[White "Hoffman, Alejandro"]
[Black "Heinechen, Juan"]
[Result "1/2-1/2"]
[WhiteElo "2454"]
[BlackElo "2105"]
[Annotator "TA"]
[PlyCount "40"]
[EventDate "2019.01.21"]
[EventType "swiss"]
[EventRounds "10"]
[EventCountry "BRA"]

1. d4 Nf6 2. c4 e6 3. Nc3 d5 4. cxd5 exd5 5. Bg5 Be7 6. e3 c6 7. Qc2 Nbd7 8. Bd3 Nh5 9. Bxe7 Qxe7 10. O-O-O Nb6 11. Kb1 g6 12. Nge2 Be6 13. Na4 Nxa4 14. Qxa4 Ng7 15. Nf4 O-O 16. h4 Bf5 17. Qc2 Bxd3 18. Qxd3 Rae8 19. Rc1 Nf5 20. g3 Qe4 1/2-1/2

[Event "V Floripa Open 2019"]
[Site "Florianopolis"]
[Date "2019.01.22"]
[Round "3.12"]
[White "Riline, Alejandro"]
[Black "Quintiliano Pinto, Renato R."]
[Result "1/2-1/2"]
[WhiteElo "2107"]
[BlackElo "2441"]
[PlyCount "43"]
[EventDate "2019.01.21"]
[EventType "swiss"]
[EventRounds "10"]
[EventCountry "BRA"]

1. e4 e5 2. Nf3 Nc6 3. d4 exd4 4. Nxd4 Bc5 5. Nxc6 bxc6 6. Nc3 d6 7. Be3 Qf6 8. Qf3 Qxf3 9. gxf3 Bxe3 10. fxe3 Ne7 11. O-O-O f5 12. Rg1 fxe4 13. Nxe4 O-O 14. f4 Bf5 15. Ng3 Be6 16. Bg2 d5 17. Rd3 c5 18. Rc3 c4 19. b3 c5 20. bxc4 d4 21. exd4 cxd4 22. Ra3 1/2-1/2

[Event "V Floripa Open 2019"]
[Site "Florianopolis"]
[Date "2019.01.22"]
[Round "3.13"]
[White "Languidey, Simon Alejandro"]
[Black "Santos Filho, Tadeu Sousa"]
[Result "1-0"]
[WhiteElo "2416"]
[BlackElo "2086"]
[Annotator "TA"]
[PlyCount "96"]
[EventDate "2019.01.21"]
[EventType "swiss"]
[EventRounds "10"]
[EventCountry "BRA"]

1. e4 e5 2. Nf3 Nf6 3. d4 Nxe4 4. Bd3 d5 5. Nxe5 Nd7 6. Nxd7 Bxd7 7. O-O Be7 8. Nc3 Nxc3 9. bxc3 O-O 10. Rb1 b6 11. Qh5 f5 12. Re1 Qe8 13. Qf3 Qf7 14. Bf4 c6 15. a4 Rae8 16. Re2 Ba3 17. Be5 Be7 18. Rbe1 Ba3 19. Rb1 Be7 20. g3 Ba3 21. h4 Be7 22. Kg2 h5 23. Re3 Ba3 24. Be2 g6 25. Qf4 Kh7 26. c4 Be7 27. a5 Bd8 28. axb6 axb6 29. cxd5 Qxd5+ 30. Bf3 Qa2 31. Rc1 Qc4 32. Kg1 Rg8 33. Be2 Qf7 34. Qf3 Bf6 35. Ra1 Bxe5 36. dxe5 Ra8 37. Rea3 Rxa3 38. Rxa3 Re8 39. Qe3 c5 40. Ra7 Re7 41. Kh2 Be8 42. Ra6 Rb7 43. Bf3 Rb8 44. Qa3 Qf8 45. Ra7+ Kg8 46. Qe3 Rc8 47. Qg5 Bf7 48. Bd5 Bxd5 1-0

[Event "V Floripa Open 2019"]
[Site "Florianopolis"]
[Date "2019.01.22"]
[Round "3.14"]
[White "Diaz, Fernando"]
[Black "Proudian, Armen"]
[Result "0-1"]
[WhiteElo "2095"]
[BlackElo "2413"]
[Annotator "TA"]
[PlyCount "80"]
[EventDate "2019.01.21"]
[EventType "swiss"]
[EventRounds "10"]
[EventCountry "BRA"]

1. e4 e5 2. Nf3 Nc6 3. Bc4 Bc5 4. c3 Nf6 5. d3 d6 6. O-O a6 7. a4 Ba7 8. Na3 h6 9. Nc2 O-O 10. Be3 Be6 11. Bxa7 Rxa7 12. Ne3 Ra8 13. b4 d5 14. exd5 Nxd5 15. Nxd5 Bxd5 16. b5 axb5 17. Bxb5 Qf6 18. Nd2 Qg6 19. f3 Rfd8 20. Qe2 Qd6 21. Ne4 Bxe4 22. fxe4 Na5 23. d4 exd4 24. Rad1 Qb6 25. Qf2 dxc3 26. Qxb6 cxb6 27. Rc1 Rac8 28. Rf3 c2 29. Bd3 Rc3 30. Bxc2 Rdc8 31. Rxc3 Rxc3 32. Kf1 Nb3 33. Bxb3 Rxc1+ 34. Ke2 Rc3 35. Bd1 Kf8 36. Kd2 Ra3 37. Bc2 Ke7 38. Bd3 Rxa4 39. Ke3 Ra3 40. Kd4 Rxd3+ 0-1

[Event "V Floripa Open 2019"]
[Site "Florianopolis"]
[Date "2019.01.22"]
[Round "3.15"]
[White "Souza Neves, Andrey M."]
[Black "Almiron, Antonio"]
[Result "0-1"]
[WhiteElo "2086"]
[BlackElo "2392"]
[PlyCount "78"]
[EventDate "2019.01.21"]
[EventType "swiss"]
[EventRounds "10"]
[EventCountry "BRA"]

1. d4 Nf6 2. c4 c5 3. d5 e6 4. Nc3 exd5 5. cxd5 d6 6. Nf3 g6 7. Bf4 a6 8. a4 Bg7 9. e3 Nh5 10. Bg5 Qb6 11. Qd2 h6 12. Bh4 g5 13. Bg3 Nxg3 14. hxg3 Qc7 15. Be2 Nd7 16. O-O O-O 17. Rae1 Rb8 18. Nh2 c4 19. Nf3 Nf6 20. Nd4 Bd7 21. f4 g4 22. Kh2 b5 23. axb5 axb5 24. Qc2 Rfe8 25. Nf5 Bxf5 26. Qxf5 Qc8 27. Qxc8 Rexc8 28. Rc1 h5 29. Rfe1 Re8 30. Bf1 Nd7 31. Kg1 Nc5 32. Nd1 f5 33. Ra1 Ra8 34. Rxa8 Rxa8 35. Nf2 Bxb2 36. Rb1 c3 37. Nd3 Nxd3 38. Bxd3 b4 39. Bc2 Ra3 0-1

[Event "V Floripa Open 2019"]
[Site "Florianopolis"]
[Date "2019.01.22"]
[Round "3.16"]
[White "Menna Barreto, Felipe Kubiaki"]
[Black "Manzi, Luiz Antonio Bardar"]
[Result "1/2-1/2"]
[WhiteElo "2389"]
[BlackElo "2077"]
[PlyCount "134"]
[EventDate "2019.01.21"]
[EventType "swiss"]
[EventRounds "10"]
[EventCountry "BRA"]

1. d4 Nf6 2. Nf3 d5 3. Bg5 e6 4. Nbd2 Be7 5. e3 Nbd7 6. Bd3 b6 7. a4 a6 8. c3 Bb7 9. a5 O-O 10. O-O Ne4 11. Bxe7 Qxe7 12. Qc2 f5 13. c4 Rac8 14. b4 Nxd2 15. Nxd2 dxc4 16. Bxc4 b5 17. Ba2 Kh8 18. f4 Nf6 19. Qc5 Qxc5 20. bxc5 Bd5 21. Bb1 h6 22. Re1 Rcd8 23. Nf3 Bxf3 24. gxf3 Nd5 25. Ba2 c6 26. Kf2 Rf6 27. Rg1 Kh7 28. Bb3 Rg8 29. h4 Rg6 30. e4 Rxg1 31. Rxg1 fxe4 32. fxe4 Nxf4 33. Ke3 g5 34. hxg5 hxg5 35. Rxg5 Ng2+ 36. Rxg2 Rxg2 37. Bxe6 Kg7 38. Bc8 b4 39. Be6 b3 40. Kd3 b2 41. Ba2 Kf6 42. Kc3 Ke7 43. Bb1 Re2 44. Bc2 Rh2 45. Kxb2 Kd7 46. Kc3 Kc7 47. d5 Rh3+ 48. Bd3 cxd5 49. exd5 Rh4 50. Bxa6 Ra4 51. Bb5 Rxa5 52. d6+ Kb7 53. Kb4 Ra1 54. Ba4 Rc1 55. Kb5 Rb1+ 56. Kc4 Ra1 57. Bb5 Rb1 58. Bd7 Rc1+ 59. Kd5 Rc2 60. c6+ Kb6 61. Ke6 Rc1 62. Ke7 Rc2 63. Kd8 Kc5 64. Ke7 Re2+ 65. Be6 Kxc6 66. d7 Rd2 67. Bd5+ Rxd5 1/2-1/2

[Event "V Floripa Open 2019"]
[Site "Florianopolis"]
[Date "2019.01.22"]
[Round "3.17"]
[White "Felix Simoes, Rodrigo"]
[Black "Menna Barreto, Luiz Ney"]
[Result "1/2-1/2"]
[WhiteElo "2083"]
[BlackElo "2327"]
[PlyCount "40"]
[EventDate "2019.01.21"]
[EventType "swiss"]
[EventRounds "10"]
[EventCountry "BRA"]

1. d4 Nf6 2. Nc3 d5 3. Bf4 Bf5 4. f3 e6 5. g4 Bg6 6. h4 h5 7. g5 Nfd7 8. e3 c5 9. Nb5 Na6 10. c3 Be7 11. Bd3 Bxd3 12. Qxd3 Qb6 13. a4 c4 14. Qc2 e5 15. Bxe5 Nxe5 16. dxe5 Qxe3+ 17. Qe2 Qf4 18. Qh2 Qe3+ 19. Qe2 Qf4 20. Qh2 Qe3+ 1/2-1/2

[Event "V Floripa Open 2019"]
[Site "Florianopolis"]
[Date "2019.01.22"]
[Round "3.18"]
[White "Coro, Lucas"]
[Black "Schiavo, Marcelo da Silva"]
[Result "1-0"]
[WhiteElo "2325"]
[BlackElo "2070"]
[PlyCount "129"]
[EventDate "2019.01.21"]
[EventType "swiss"]
[EventRounds "10"]
[EventCountry "BRA"]

1. e4 c5 2. Nf3 d6 3. Bb5+ Bd7 4. Bxd7+ Qxd7 5. O-O Nc6 6. c3 e5 7. d4 Nf6 8. d5 Ne7 9. Re1 Ng6 10. Nbd2 Be7 11. Nf1 O-O 12. Ng3 Rfc8 13. h3 h6 14. Be3 Bf8 15. Qd2 Kh7 16. Qc2 b5 17. a4 a6 18. Nd2 Be7 19. Ra2 Rab8 20. b3 Rb7 21. Rea1 b4 22. cxb4 Rxb4 23. Nc4 Bd8 24. Nf5 Bc7 25. Bd2 Rbb8 26. Qd3 Ne7 27. Ng3 Ng6 28. Kh2 Re8 29. Rb2 Kh8 30. Ne3 Qc8 31. Rc1 Nf4 32. Qc4 a5 33. Qc2 g6 34. Nc4 Ra8 35. Bc3 Kg7 36. Qd2 h5 37. Re1 Qa6 38. Nf1 h4 39. Rbb1 Qc8 40. Bxa5 Bxa5 41. Nxa5 Rxa5 42. Qxa5 Nd3 43. Qc3 Nxe1 44. Rxe1 Qb7 45. Nd2 Nh5 46. Nc4 Qe7 47. a5 Nf4 48. a6 Rh8 49. Qf3 Ra8 50. Ra1 Qc7 51. Ra2 Ra7 52. g3 hxg3+ 53. fxg3 Nh5 54. Qd3 Nf6 55. Na5 Qb6 56. Nc6 Ra8 57. a7 Ne8 58. Qf3 f6 59. h4 Qb7 60. h5 Qf7 61. Nd8 Rxd8 62. a8=Q Rxa8 63. Rxa8 gxh5 64. Qf5 Nc7 65. Rd8 1-0

[Event "V Floripa Open 2019"]
[Site "Florianopolis"]
[Date "2019.01.22"]
[Round "3.19"]
[White "Goncalves, Davi Sulzbacher"]
[Black "Piccoli, Lucas Fonseca"]
[Result "1-0"]
[WhiteElo "2313"]
[BlackElo "2062"]
[PlyCount "91"]
[EventDate "2019.01.21"]
[EventType "swiss"]
[EventRounds "10"]
[EventCountry "BRA"]

1. d4 Nf6 2. Nf3 e6 3. Bg5 d5 4. e3 Be7 5. Bd3 Nbd7 6. O-O c5 7. c3 b6 8. Nbd2 Bb7 9. Ne5 h6 10. Bh4 Nxe5 11. dxe5 Nd7 12. Bg3 h5 13. h3 Qc7 14. Qa4 Bc6 15. Bb5 Bxb5 16. Qxb5 a6 17. Qe2 O-O 18. e4 h4 19. Bh2 d4 20. cxd4 cxd4 21. Rac1 Qb7 22. f4 Bb4 23. Nf3 Be7 24. Rcd1 Rad8 25. Nd2 d3 26. Qg4 Bc5+ 27. Kh1 Be3 28. f5 exf5 29. exf5 Nc5 30. Bg1 Rd4 31. Qh5 Bxg1 32. Kxg1 Rfd8 33. Nf3 Rf4 34. Qg5 Rdd4 35. Nxd4 Rxd4 36. e6 f6 37. Qe3 Re4 38. Qf3 Qe7 39. Rfe1 Rb4 40. b3 a5 41. Rxd3 Nxd3 42. Qxd3 Qc5+ 43. Kh1 Qe7 44. Qd7 Kf8 45. Qc8+ Qe8 46. e7+ 1-0

[Event "V Floripa Open 2019"]
[Site "Florianopolis"]
[Date "2019.01.22"]
[Round "3.20"]
[White "Soares, Joao Carlos T. C."]
[Black "Rodrigues, Edgar"]
[Result "1/2-1/2"]
[WhiteElo "2077"]
[BlackElo "2312"]
[PlyCount "59"]
[EventDate "2019.01.21"]
[EventType "swiss"]
[EventRounds "10"]
[EventCountry "BRA"]

1. e4 e6 2. d4 d5 3. Nc3 Nf6 4. Bg5 Be7 5. e5 Nfd7 6. Bxe7 Qxe7 7. f4 a6 8. Nf3 c5 9. dxc5 Nc6 10. Qd2 Qxc5 11. O-O-O b5 12. Kb1 O-O 13. g4 Nb6 14. Nd4 b4 15. Nxc6 bxc3 16. Qxc3 Qxc3 17. bxc3 Na4 18. Rd3 Bd7 19. Nd4 Rfc8 20. Kc1 Nxc3 21. Kd2 Ne4+ 22. Ke3 Bb5 23. Ra3 Nc3 24. Bd3 Bxd3 25. cxd3 Nb5 26. Nxb5 axb5 27. Rc1 g6 28. Rxc8+ Rxc8 29. Kd2 Kg7 30. Ra7 1/2-1/2

[Event "V Floripa Open 2019"]
[Site "Florianopolis"]
[Date "2019.01.22"]
[Round "3.21"]
[White "Belmonte, Diego Mariano"]
[Black "Souza, Iago Henrique da Si"]
[Result "1-0"]
[WhiteElo "2309"]
[BlackElo "2060"]
[PlyCount "97"]
[EventDate "2019.01.21"]
[EventType "swiss"]
[EventRounds "10"]
[EventCountry "BRA"]

1. d4 d5 2. c4 e6 3. Nc3 Bb4 4. Nf3 Nf6 5. cxd5 exd5 6. Qc2 O-O 7. Bg5 c6 8. e3 Re8 9. Bd3 h6 10. Bh4 Bd6 11. Bg3 Bxg3 12. hxg3 Nbd7 13. O-O-O Qe7 14. Rh4 c5 15. Rdh1 c4 16. Bf5 Nf8 17. g4 Bxf5 18. gxf5 Rad8 19. Ne5 N6h7 20. Kb1 f6 21. Nf3 a6 22. e4 dxe4 23. Rxe4 Qd7 24. Rhe1 Rxe4 25. Nxe4 Qxf5 26. Qxc4+ Kh8 27. Qc5 Qd7 28. Nc3 Ne6 29. Qf5 Nc7 30. Qe4 Ng5 31. Qxb7 Nxf3 32. Qxf3 Nb5 33. Nxb5 Qxb5 34. Rd1 Re8 35. d5 Qc5 36. d6 Rc8 37. Qd3 Qxf2 38. d7 Rd8 39. Qxa6 Qxg2 40. Qe6 Qg6+ 41. Ka1 Kh7 42. Qd5 Qg5 43. a3 h5 44. Rd4 Qg1+ 45. Ka2 Kh6 46. Rc4 Qa7 47. Rc8 Rxd7 48. Rh8+ Kg6 49. Qxh5# 1-0

[Event "V Floripa Open 2019"]
[Site "Florianopolis"]
[Date "2019.01.22"]
[Round "3.22"]
[White "Carvalho, Rafael Cunha de"]
[Black "Aranha Filho, Alvaro Z."]
[Result "0-1"]
[WhiteElo "2071"]
[BlackElo "2294"]
[PlyCount "71"]
[EventDate "2019.01.21"]
[EventType "swiss"]
[EventRounds "10"]
[EventCountry "BRA"]

1. Nf3 d5 2. d4 Nf6 3. c4 e6 4. Bg5 Nbd7 5. Nc3 c6 6. e3 Qa5 7. cxd5 Nxd5 8. Qd2 Bb4 9. Rc1 Nxc3 10. bxc3 Ba3 11. Rb1 O-O 12. Bd3 e5 13. O-O h6 14. Bh4 Bd6 15. e4 a6 16. Bg3 Rd8 17. Qc2 Qc7 18. dxe5 Bxe5 19. Nxe5 Nxe5 20. Be2 Qe7 21. Rfd1 Re8 22. c4 c5 23. f4 Nc6 24. f5 Nd4 25. Rxd4 cxd4 26. Qd2 g6 27. Qxd4 Bxf5 28. Rb6 Qa3 29. c5 Qc1+ 30. Bf1 Rac8 31. h3 Qxc5 32. Qxc5 Rxc5 33. Rb2 Rc1 34. Rxb7 Bxe4 35. Rb2 Bd3 36. Rf2 0-1

[Event "V Floripa Open 2019"]
[Site "Florianopolis"]
[Date "2019.01.22"]
[Round "3.23"]
[White "De Borba, Guilherme"]
[Black "Ermel, Francisco Roberto"]
[Result "1-0"]
[WhiteElo "2293"]
[BlackElo "2054"]
[PlyCount "104"]
[EventDate "2019.01.21"]
[EventType "swiss"]
[EventRounds "10"]
[EventCountry "BRA"]

1. e4 c5 2. Nf3 a6 3. Nc3 e6 4. d4 cxd4 5. Nxd4 Qc7 6. Bd3 d6 7. O-O Nf6 8. Qe2 Nbd7 9. Bd2 Be7 10. Kh1 b5 11. a3 Bb7 12. f4 O-O 13. Rae1 Nc5 14. f5 e5 15. Nf3 Rfe8 16. b4 Ncd7 17. a4 bxa4 18. Nxa4 d5 19. exd5 Nxd5 20. c3 Bd6 21. Ng5 N7f6 22. Ne4 Nxe4 23. Bxe4 Nf6 24. Bxb7 Qxb7 25. Bg5 Rac8 26. Bxf6 gxf6 27. Qg4+ Kh8 28. Qh4 Be7 29. Nc5 Qb6 30. Ne4 Rg8 31. Qf2 Qc6 32. Qe2 Qc4 33. h3 Rgd8 34. Qxc4 Rxc4 35. Re2 a5 36. bxa5 Ra4 37. Rb1 Rxa5 38. Rb7 Re8 39. g4 Kg7 40. Kg2 Rd5 41. g5 Bd8 42. gxf6+ Bxf6 43. Re3 Bh4 44. c4 Rd4 45. c5 Ra8 46. Kf3 Ra1 47. c6 Rc1 48. c7 Rdc4 49. Kg4 Bf6 50. Kh5 Rxc7 51. Nxf6 Kf8 52. Nxh7+ Kg7 1-0

[Event "V Floripa Open 2019"]
[Site "Florianopolis"]
[Date "2019.01.22"]
[Round "3.24"]
[White "Ulloa, Gabriel"]
[Black "Guimaraes, Diogo Duarte"]
[Result "0-1"]
[WhiteElo "2068"]
[BlackElo "2278"]
[PlyCount "59"]
[EventDate "2019.01.21"]
[EventType "swiss"]
[EventRounds "10"]
[EventCountry "BRA"]

1. e4 e5 2. Nf3 Nc6 3. Nc3 Nf6 4. d4 exd4 5. Nd5 Be7 6. Bf4 d6 7. Nxd4 O-O 8. Nb5 Nxd5 9. exd5 Ne5 10. Qd2 c5 11. dxc6 bxc6 12. Nd4 Qb6 13. O-O-O Rb8 14. Nb3 Be6 15. Be3 c5 16. Qa5 Ng4 17. Qxb6 Rxb6 18. c4 Nxe3 19. fxe3 Bg5 20. Re1 Rfb8 21. Kc2 a5 22. Rb1 a4 23. Nd2 Bxe3 24. Ne4 Bd4 25. Nc3 Bxc3 26. Kxc3 Bf5 27. Bd3 Bxd3 28. Kxd3 Rxb2 29. Rxb2 Rxb2 30. Re1 0-1

[Event "V Floripa Open 2019"]
[Site "Florianopolis"]
[Date "2019.01.22"]
[Round "3.25"]
[White "Cadilhac, Igor Tokuichi Kikuc"]
[Black "Cordero, Daniela"]
[Result "0-1"]
[WhiteElo "2277"]
[BlackElo "2053"]
[PlyCount "66"]
[EventDate "2019.01.21"]
[EventType "swiss"]
[EventRounds "10"]
[EventCountry "BRA"]

1. e4 e6 2. d4 d5 3. Nc3 Nf6 4. e5 Nfd7 5. f4 c5 6. Nf3 Nc6 7. Be3 Rb8 8. Qd2 Qa5 9. Be2 b5 10. O-O b4 11. Nd1 Ba6 12. Bxa6 Qxa6 13. c3 bxc3 14. bxc3 cxd4 15. cxd4 Be7 16. f5 exf5 17. Bf4 Rb4 18. Ne3 Qb5 19. Nxf5 O-O 20. Rac1 Rb2 21. Rc2 Rxc2 22. Qxc2 Rc8 23. Bg5 Bf8 24. Qf2 Qd3 25. Ne1 Qa6 26. Nd6 Bxd6 27. Qxf7+ Kh8 28. Qxd7 Nxe5 29. Qf5 Ng6 30. Qxd5 Bxh2+ 31. Kf2 Re8 32. Be3 Nf4 33. Qf3 Qxa2+ 0-1

[Event "V Floripa Open 2019"]
[Site "Florianopolis"]
[Date "2019.01.22"]
[Round "3.26"]
[White "Jodorcovsky Werjivker, Paulo"]
[Black "De VJunior, Liduino Furtado"]
[Result "1/2-1/2"]
[WhiteElo "2259"]
[BlackElo "2052"]
[PlyCount "99"]
[EventDate "2019.01.21"]
[EventType "swiss"]
[EventRounds "10"]
[EventCountry "BRA"]

1. d4 d5 2. Nf3 c6 3. e3 Bg4 4. c4 e6 5. Qb3 Qb6 6. Qxb6 axb6 7. Ne5 Bf5 8. Nc3 dxc4 9. Bxc4 Nf6 10. f3 h6 11. e4 Bh7 12. Be3 Bb4 13. O-O b5 14. Bb3 Nbd7 15. Nxd7 Nxd7 16. Rac1 O-O 17. a3 Ba5 18. Rfd1 Bb6 19. Bf2 Nf6 20. d5 Bxf2+ 21. Kxf2 exd5 22. exd5 Rfd8 23. dxc6 bxc6 24. Ne2 Rxd1 25. Bxd1 Rd8 26. Rxc6 Bg6 27. Bc2 Rd2 28. Bxg6 fxg6 29. b4 Ra2 30. Rc5 Rxa3 31. Rxb5 g5 32. Rc5 g4 33. Nd4 gxf3 34. gxf3 Rd3 35. Nc6 Rd2+ 36. Kg1 Kf7 37. Rc1 Rb2 38. Ne5+ Ke6 39. Nd3 Rd2 40. Nf2 g5 41. Rc4 Kf5 42. Rc5+ Ke6 43. Rc6+ Rd6 44. Rxd6+ Kxd6 45. Ng4 h5 46. Nxf6 Ke5 47. Nd7+ Kd6 48. Nc5 g4 49. fxg4 hxg4 50. Kf2 1/2-1/2